000 01195nam a22002297a 4500
999 _c63201
_d63201
003 Ge_BSU
005 20250625165021.0
008 250625s2023 ge ||||| |||| 00| 0 geo d
020 _a9789941316333
041 _ageo
080 _a78(072) ჩ-59
100 _aჩიკვაიძე, მ.
_925532
245 _aმუსიკა :
_b2 კლ. მასწავლებლის წიგნი /
_cმ. ჩიკვაიძე, ლ. ანთიძე, ლ. იაშვილი; რედ. მ იანტბელიძე.
264 _aთბილისი :
_bინტელექტი,
_c2023.
300 _a116 გვ. :
_bილ.;
_c27 სმ.
500 _aგრიფმინიჭებულია საქართველოს განათლებისა და მეცნიერების სამინისტროს მიერ 2023 წელს.
653 _aმუსიკა
700 _a ანთიძე, ლ.
_eავტორი
_925533
700 _aიაშვილი, ლ.
_eავტორი
_925534
700 _aიანტბელიძე, მ.
_eრედაქტორი
_925535
942 _2udc
_cᲬᲘᲒᲜᲘ